00250nam a22000857a 4500008004100000082002100041245005700062260003700119300000800156230621b xxu||||| |||| 00| 0 eng d a328.30bCPA 1988 aReport of the Commonwealth Parliamentary Association aZimbabwebParliament of Zimbabwe a22p